Kŭdae rŭl sarang hamnida nae saengae kajang arŭmdaun kobaek /

그대를사랑합니다 내 생애 가장 아름다운 고백.
Bibliographische Detailangaben
Körperschaft: Seint'ŭ P'ol Sinema
Weitere Verfasser: Ch'u, Ch'ang-min, Yi, Sun-jae, Yun, So-jŏng, Song, Chae-ho, Kim, Su-mi
Format: Video DVD
Sprache:Korean
Veröffentlicht: Sŏul : K'eidi Midiŏ, 2011
Schlagworte:
LEADER 01435cgm a2200349 a 4500
001 00025839
003 BD-DhAAL
007 vd cvaizk
008 120829p20112010ko 160 vlkor d
024 1 |a 8809274086879 
040 |a BD-DhAAL  |c BD-DhAAL 
082 0 0 |a 791.43  |2 22 
245 1 0 |6 880-01  |a Kŭdae rŭl sarang hamnida  |h [videorecording] :  |b  nae saengae kajang arŭmdaun kobaek /  |c Chejak, Seint'ŭ P'ol Sinema ; kamdok kakpon, Ch'u Ch'ang-min. 
260 |a Sŏul :  |b K'eidi Midiŏ,  |c 2011 
300 |a 1 videodiscs (DVD) (168 min.) :  |b sd., col.,  |c 4 3/4 in. 
538 |a  DVD, NTSC; dolby digital 5.1; region 3. 
541 1 |e 00025839 
546 |a In Korean with optional subtitles in Korean or English. 
650 0 |a Feature films  |z Korea (South).  |9 4850 
650 0 |a Motion picture  |x DVD special features.  |9 4983 
655 |a Feature films 
700 1 |a Ch'u, Ch'ang-min.  |9 4984 
700 1 |a Yi, Sun-jae.  |9 4985 
700 1 |a Yun, So-jŏng.  |9 4986 
700 1 |a Song, Chae-ho.  |9 4987 
700 1 |a Kim, Su-mi.  |9 4988 
710 2 |a Seint'ŭ P'ol Sinema.   |9 4989 
852 4 |a Ayesha Abed Library  |j General shelf. 
880 |6 245-01/  |a 그대를사랑합니다  |h [videorecording] :  |b 내 생애 가장 아름다운 고백. 
942 |2 ddc  |c AV 
999 |c 12798  |d 12798 
952 |0 0  |1 0  |2 ddc  |4 0  |6 791_430000000000000_KUD  |7 0  |9 21066  |a BRACUL  |b BRACUL  |c AV  |d 2012-08-28  |e BIL  |g 680.48  |l 0  |o 791.43 KUD  |p 4010025839  |r 2012-09-04  |t 1  |w 2012-08-28  |y AV